Countries in Eurovision 2024 - Statistics

General Stats
  • This quiz has been taken 89 times
  • The average score is 36 of 37
Answer Stats
Song Country % Correct
Titan Albania
100%
We Will Rave Austria
98%
Rim Tim Tagi Dim Croatia
98%
Sand Denmark
98%
Mon amour France
98%
Always on the Run Germany
98%
Fighter Luxembourg
98%
Europapa Netherlands
98%
Ulveham Norway
98%
The Tower Poland
98%
Unforgettable Sweden
98%
The Code Switzerland
98%
Dizzy United Kingdom
98%
Liar Cyprus
97%
Pedestal Czechia
97%
No Rules Finland
97%
Zari Greece
97%
Doomsday Blue Ireland
97%
La noia Italy
97%
Loop Malta
97%
Ramonda Serbia
97%
Veronika Slovenia
97%
Zorra Spain
97%
Teresa & Maria Ukraine
97%
Jako Armenia
95%
One Milkali (One Blood) Australia
95%
Özünlə apar Azerbaijan
95%
Before the Party's Over Belgium
95%
(Nendest) narkootikumidest ei tea me (küll) midagi Estonia
95%
Scared of Heights Iceland
95%
Hollow Latvia
95%
Luktelk Lithuania
95%
Grito Portugal
95%
Firefighter Georgia
93%
Hurricane Israel
93%
11:11 San Marino
93%
In the Middle Moldova
92%
No matching quizzes found
Score Distribution
Percent of People with Each Score
Percentile by Number Answered
Your Score History
You have not taken this quiz